000 00602cam a2200181 4500
001 WB3708-02
008 000000n2001 000 0 eng u
035 _a(Sirsi) u111107
245 _aVAT position of LLPs
260 _c2001
490 _aHM Customs and Excise Business Brief
_v(3/2001) 20 February 2001, 2
520 _aGuidance for businesses who are considering forming Limited Liability Partnerships which can be formed from April 2001.
590 _aWB
650 _aLIMITED LIABILITY PARTNERSHIPS
650 _aVAT REGULATIONS
690 _aMANAGEMENT-BUSINESS MANAGEMENT
942 _n0
999 _c66196
_d66196